000 00421nam a2200181Ia 4500
001 8756
005 20260306160633.0
008 260306t1981||||xx |||||||||||||| ||spa||
041 _aESP
082 _a371.33
_bA37
100 _aAlcántara Chihuán, Jorge,
_eAUT
245 0 _aMaterial educativo
260 _c1981
300 _a132 páginas :
_c21 cm.
650 _aGEN
654 _aCED
942 _cLIB
_dJUS
_fJUS
_2ddc
_n
999 _c8756
_d8756